LEADER 01829nam a2200361 u 4500 001 000000009596 003 CaOOAMICUS 005 20070226105225.0 008 940516s1966 sz u000 u ita u 035 $a10241249 040 $aOCU$bita$dNIC$dCStRLIN$dNIC 100 1 $aFarina, Raffaele,$cS.D.B.,$d1933-$0(OLS)http://pul/name/5807 245 12$aL'impero e l'imperatore cristiano in Eusebio di Cesarea :$bla prima teologia politica del cristianesimo /$cRaffaele Farina. 260 $aZürich :$bPAS Verlag,$c1966. 300 $a381 p. ;$c24 cm 490 1 $aBibliotheca theologica Salesiana.$aSer. I, Fontes ;$v2 500 $aComprende indici. 500 $aErrata slip inserted. 504 $aBibliografia: p. [329]-347. 600 04$aEusebius Caesariensis,$cvesc.,$d260/265-339/340.$0(OLS)http://pul/subject/7900 600 04$aConstantinus Magnus,$cimperatore romano,$d272-337.$0(OLS)http://pul/subject/3853 650 4$aCristianesimo e impero romano.$0(OLS)http://pul/subject/4353 650 0$aChristianity and politics.$2//eng$0(OLS)http://pul/subject/7901 830 0$aBibliotheca theologica Salesiana.$nSer. I,$pFontes ;$v2.$0(OLS)http://pul/title/11451 850 $aPUL 852 $aPUL$W1$xDP1 Fondo Maccarrone$y58$m1501 D 26$j13605$nBK-PRI$b $qFondi$B13605$CPULBib$Z2$F13605 $H $81 852 $aPUL$W1$xSL Religione 1$y3$m24 C 23$j13606$nBK-PRI$b $qStampati$B13606$CPULBib$Z2$F13606 $H $81 941 1 $a8 941 1 $a1 961 $aINV: 00394 -- Fondo Mons. M. Maccarrone 961 $aINV: 68332 996 $6245$aL'impero e l'imperatore cristiano in Eusebio di Cesarea :$bla prima teologia politica del cristianesimo$9(OLS)http://pul/title/14068 996 $6260$aZürich :$bPAS Verlag$9(OLS)http://pul/publisher/52543 LEADER 01646nam a2200349 u 4500 001 000000014317 003 CaOOAMICUS 005 20071120173122.0 008 941010s1962 it u000 u lat u 035 $a10339099 040 $aPUL(R)$bita 100 1 $aMidali, Mario,$cS.D.B.$0(OLS)http://pul/name/5326 245 10$aCorpus Christi mysticum apud Dominicum Báņez eiusque fontes /$cauctore Mario Midali S.D.B. 260 $aRoma :$b[s.n.],$c1962. 300 $a239 p. ;$c24 cm 490 1 $aAnalecta Gregoriana., Series Facultatis Theologiae.$aSectio B ;$v38 490 1 $aAnalecta Gregoriana ;$v116 500 $aComprende indici. 502 $aDiss. -- Pontificia Universitā Gregoriana (Roma) 504 $aBibliografia: p. 11-20. 600 14$aBáņez, Domingo,$cO.P.,$d1528-1604$xCritica e interpretazione.$0(OLS)http://pul/subject/10072 600 04$aIesus Christus$xCorpo mistico.$0(OLS)http://pul/subject/10073 710 2 $aPontificia Universitā Gregoriana.$0(OLS)http://pul/name/147 830 0$aAnalecta Gregoriana.$pSeries Facultatis Theologiae.$nSectio B ;$v38.$0(OLS)http://pul/title/184 830 0$aAnalecta Gregoriana ;$v116.$0(OLS)http://pul/title/183 850 $aPUL 852 $aPUL$W1$xSL Religione 2$y84$mTheol A1 116$j20115$nBK-PRI$b $qStampati altre collocazioni$B20115$CPULBib$Z2$F20115 $H $81 910 $aPontificia Universitas Gregoriana$9147 941 1 $a10 961 $aINV: 56001 996 $6245$aCorpus Christi mysticum apud Dominicum Báņez eiusque fontes$9(OLS)http://pul/title/20600 996 $6260$aRoma :$b[s.n.]$9(OLS)http://pul/publisher/47958